| 000 | 00394nam a2200157Ia 4500 | ||
|---|---|---|---|
| 003 | IN-BaIIA | ||
| 008 | 211028s9999 xx 000 0 eng d | ||
| 040 | _cIIA Library | ||
| 080 |
_a521.13 _bSMA |
||
| 100 |
_aSmart, W. M. _91092 |
||
| 245 | 0 |
_aStellar kinematics _cSmart W. M. |
|
| 260 |
_aLondon _bLongmans _c1968 |
||
| 300 | _aviii, 320p. | ||
| 650 |
_aStellar kinamatics _95775 |
||
| 942 | _cBK | ||
| 999 |
_c3248 _d3248 |
||